| 000 | 00338nam a22001217a 4500 | ||
|---|---|---|---|
| 008 | 170126b xxu||||| |||| 00| 0 eng d | ||
| 050 | _aJX1977.A37 Y4(1971 vol.25) | ||
| 245 | _aYearbook of the United Nations ./ | ||
| 260 |
_aNew yok: _bUnited Nations; _c1974. |
||
| 300 |
_axi,861p.: _c24cm. |
||
| 500 | _aIncludes Index. | ||
| 942 |
_2lcc _cBK |
||
| 999 |
_c6213 _d13713 |
||